[Event "RUS-Cup07"]
[Site "Tomsk"]
[Date "1998.07.21"]
[Round "7"]
[White "Morozevich, Alexander"]
[Black "Bezgodov, Alexei"]
[Result "1-0"]
[WhiteElo "2590"]
[BlackElo "2520"]
[Annotator "Mikhalevski,V"]
[PlyCount "74"]
[EventDate "1998.07.15"]
[EventType "swiss"]
[EventRounds "9"]
[EventCountry "RUS"]
[SourceTitle "CBM 067"]
[Source "ChessBase"]
[SourceDate "1998.11.30"]
[SourceVersion "2"]
[SourceVersionDate "1998.11.01"]
[SourceQuality "1"]

{[%mdl 20540]} 1. e4 e5 2. Nf3 Nc6 3. d4 exd4 4. Nxd4 Nf6 5. Nxc6 bxc6 6. e5
Ne4 {Relatively rare continuation.Black usually prefer 6...Qe7.} 7. Nd2 (7. Qf3
{is the main line.Its opening survey you can find in CBM66(see Shovunov-Rodin,
Russian Club Cup 1998);Other moves(7.Bd3,7.Bc4,7.Qe2,7.Qd4 and 7.Be3) are not
very popular.}) 7... Nc5 (7... Nxd2 {is the only alternative.} 8. Bxd2 d5 (8...
Bc5 9. Qg4 $1 (9. Bd3) (9. Qf3) 9... g6 10. Qg3 h6 11. Bd3 Qe7 12. O-O a5 13.
Bc3 Qe6 14. Kh1 h5 15. f4 h4 16. Qf3 $16 {[%cal Gf4f5] 1-0 Kuijf,M-Bollen,J/
Ellmedingen 1978/EXT 97 (30)}) (8... Be7 9. Qg4 g6 10. Bh6 Rb8 11. O-O-O d5 12.
Qg3 Be6 $13 {1/2-1/2 Minasian,A-Kaidanov,G/Erevan 1996/EXT 96ch2 (49)}) (8...
Qh4 $5 {preventing 9.Qg4} 9. Bd3 Bc5 10. O-O O-O 11. Qf3 Rb8 12. Rae1 d5 (12...
Rxb2 $5) 13. exd6 Bxd6 14. g3 Qg4 $11 {0-1 Adamek,P-Zvara,P/Ceske Budejovice
1997/EXT 97 (32)}) 9. Bd3 (9. Qf3 Qh4 10. Bd3 Bc5 11. Qg3 Qxg3 12. hxg3 Rb8 13.
Bc3 d4 14. Ba5 Rxb2 15. Bxc7 Be6 $17 {0-1 Van der Wiel,J-Van der Sterren,P/
NLD-ch 1995/CBM 48 (33)}) 9... Be6 (9... Rb8 10. b3 Qh4 (10... g6 11. O-O Bg7
12. Qc1 O-O 13. Bg5 f6 14. exf6 Bxf6 15. Bxf6 Qxf6 16. Qe3 $14 {1-0 Rewitz,
P-Friis,C/DEN-chB 1992/TD 92\08 (30)}) 11. O-O Bc5 12. Qf3 O-O 13. Be3 Bb6 14.
a4 a5 15. Rae1 Be6 16. Qe2 Rbe8 17. f4 Bg4 18. Qd2 f6 19. Bxb6 cxb6 20. Qc3 c5
21. exf6 Qxf6 22. Qxf6 gxf6 $11 {1/2-1/2 Omari-Lokvenc,J/Varna 1962/MCD-ol (32)
}) 10. O-O Qd7 11. f4 Bc5+ 12. Kh1 Bf5 13. Qh5 g6 14. Bxf5 Qxf5 15. Qf3 {
[%cal Gf3c3]} Qxc2 16. Ba5 {[%cal Ga1c1]} Bb6 17. Bb4 Qe4 (17... Qxb2 $142 $1)
18. Qa3 $44 {1-0 Zelcic,R-Baumegger,S/18th Mitropa Cup, Portoroz SLO 1998 (54)}
) 8. Be2 $5 $146 (8. Nf3 Be7 9. Nd4 O-O 10. Be2 Re8 11. O-O Bf8 12. f4 d6 13.
Bf3 $1 $14 {1-0 Schmittdiel,E-Gostisa,L/Mitropa Cup 1995/EXP 46 (34)}) (8. g3
d5 9. exd6 cxd6 10. Qe2+ Be7 11. Bg2 d5 12. O-O O-O 13. Re1 Bf6 14. Nf3 Bf5 $11
{1-0 Lyell,M-Kolar,S/Bled 1997/EXP 57 (40)}) 8... Be7 {Let White complete
development and get the better position thanks to the better pawn structure.} (
{Black could try to win a pawn} 8... Qg5 $5 9. O-O (9. Nf3 Qxg2 10. Rg1 Qh3)
9... Qxe5 10. Re1 Qf6 $13 {and White should prove his initiative.}) 9. O-O O-O
{[%cal Gd7d5]} 10. Nb3 $1 {White is ready to change knights as then a-file is
opened and weakness on a7 will become essential.White has been also preventing
repairing of pawn structure by means of d7-d5 as after capture on d6 cd is not
beneficial because of N:c5.} Nxb3 (10... d5 $5 11. exd6 Bxd6 (11... cxd6 12.
Nxc5 dxc5) 12. Nxc5 Bxc5 13. Bd3 $1 {[%cal Gd3h7]} Qh4 14. Qf3 $14) 11. axb3 {
[%csl Ra7][%cal Ga1a7]} d5 12. exd6 Bxd6 $6 (12... cxd6 $142) 13. Ra4 $1 {
[%csl Ra7,Rc6,Rc7] Fourth rank is a good main road for the rook.} Bf5 14. Bd3 {
White is not afraid of changes as weaknesses on the queen side are weaker and
weaker after every change.} Bxd3 15. Qxd3 Qf6 16. g3 Rfe8 17. Kg2 Bc5 18. Rf4
Qe6 19. Rd1 Bd6 20. Rc4 c5 {First signal.Black weaken a8-h1 diagonal and White
takes it under control immediately.} 21. Qf3 $1 Rab8 {[%cal Gb8b4]} 22. Bd2 $1
{[%cal Gd1a1] preventing Rb4} f6 23. Ra1 $16 {Consequences of N:b3 and B:d6?
has become visible.Now White's advantage is out  of question.} Rbd8 24. Be3 {
[%csl Ra7,Rc5]} (24. Rxa7 $5 Bxg3 25. hxg3 Rxd2 26. Rxc5 $18) 24... Qe5 25. Rc3
$5 (25. Rxa7 Qxb2 26. Bxc5 {is enough for winning,but Morozevich prefer to
keep all his pawns.}) 25... Ra8 26. Ra5 $18 {[%csl Rc5]} Qe4 27. Bxc5 Qxf3+ 28.
Kxf3 Be5 29. Re3 Bxb2 30. Rxa7 Rxe3+ 31. Kxe3 Rxa7 32. Bxa7 {Bishops ending is
winning easily.} Kf7 33. Kd3 Ke6 34. b4 $1 {White is catching black's bishop.
After c3 mousetrap will be locked.} c6 35. Bd4 (35. c3 $5) 35... Bc1 ({or} 
35... Ba3 36. Kc3 {[%cal Gc3b3,Gd4e3]}) 36. Be3 Bb2 37. Kc4 (37. c3 $5) 37...
Kd7 {Black resigned as after simple 38.c3 /\39.Bd2(or Kb3 and Bd4) and then
Kc4-b3-a2 White wins a bishop.} ({or} 37... Be5 38. Bf4 $1 Bb2 39. c3) 1-0

[Event "RUS-chT 05th"]
[Site "Maikop"]
[Date "1998.06.09"]
[Round "7"]
[White "Rublevsky, Sergei"]
[Black "Morozevich, Alexander"]
[Result "1/2-1/2"]
[WhiteElo "2665"]
[BlackElo "2590"]
[Annotator "Mikhalevski,V"]
[PlyCount "85"]
[EventDate "1998.06.03"]
[EventType "team-tourn"]
[EventRounds "11"]
[EventCountry "RUS"]
[SourceTitle "CBM 066"]
[Source "ChessBase"]
[SourceDate "1998.09.30"]
[SourceVersion "1"]
[SourceVersionDate "1998.09.30"]
[SourceQuality "1"]
[WhiteTeam "Kazan Sberbank-Tatarstan"]
[BlackTeam "Tomsk 400"]
[WhiteTeamCountry "RUS"]
[BlackTeamCountry "RUS"]

1. e4 e5 2. Nf3 Nc6 3. d4 exd4 4. Nxd4 Bc5 5. Nxc6 {In the third round Sergey
tried to get advantage after 5.Be3 against Svidler,but didn't succeed.Now
another main line comes in consideration.} Qf6 6. Qd2 dxc6 7. Nc3 Qe7 $5 $146 {
Sensational novelty in well-known position.Black frees f6 square for a knight.
It's interesting that nobody tried this move before!} 8. Bd3 Nf6 9. O-O ({
A month later Landa will be playing} 9. Qg5 {but after} h6 $1 {Black are in
possesion of initiative.} 10. Qg3 (10. Qxg7 $2 Bxf2+ $1 11. Kxf2 (11. Kf1 Rh7
$1 {[%csl Rg7]}) 11... Rg8 {[%csl Rg7]} 12. Qxg8+ $8 (12. Bxh6 Ng4+ $1 13. Ke2
Rxg7 14. Bxg7 f6 $19 {[%csl Rg7]})) 10... g5 $1 {[%csl Rg3] Hunting goes on.}
11. h4 (11. O-O Bd6 12. Qf3 (12. f4 Nh5) 12... Ng4 $40 (12... Bg4)) 11... Nh5
12. Qf3 g4 13. Qe2 Qe5 $1 $15 {[%cal Gg4g3,Gc5d4,Gh5f4]} 14. g3 Bd4 (14... Be6
$5) 15. Nd1 Be6 16. c3 Bb6 17. Ne3 O-O-O 18. Bc2 Rhg8 19. a4 a5 20. Rg1 Kb8 21.
Bd2 Nf6 22. Ng2 Bc4 $1 {0-1 Landa,K-Ibragimov,I/ch-RUS, St Petersburg RUS 1998}
23. Qxc4 Bxf2+ $1 24. Kxf2 (24. Ke2 Qxg3 $19 {[%csl Re2]}) 24... Rxd2+ 25. Ke3
Rxc2 $19) 9... O-O 10. Qg5 h6 11. Qg3 (11. Qh4 $143 Re8) 11... Nh5 12. Qf3 Qh4
{[%csl Rf3][%cal Rc8g4]} 13. Be2 (13. e5 $2 Re8 $1 14. Re1 $140 $2 Bg4 15. g3 (
15. Re4 $2 Nf6 $3 {[%csl Rg1]} 16. exf6 $140 Rxe4 $1 (16... Bxf3 $4 17. Rxh4
Re1+ 18. Bf1)) 15... Bxf3 (15... Qxh2+ 16. Kxh2 Bxf3) 16. gxh4 Bd4) (13. h3
$143) 13... Nf6 14. e5 $6 (14. Qf4 $142 $5 Qxf4 15. Bxf4 Re8 (15... Bd4 16. Bd3
(16. Bf3 g5 $5 17. Bxc7 g4 18. Be2 Bxc3 19. bxc3 Nxe4) 16... Re8 17. Bxc7 $1 (
17. Rae1 Be6 $1 {[%csl Ra2]}) (17. Rfe1 Re7) 17... Bxc3 18. bxc3 Nxe4 19. Rfe1
Nf6) 16. Rad1 $5 (16. Bf3 Bd4 $1 17. Rfe1 (17. Bxc7 Bxc3 18. bxc3 Nxe4 19. Rfe1
Bf5 $11)) 16... Nxe4 17. Nxe4 Rxe4 18. Rd8+ Bf8 19. Be3 $13) 14... Nd7 (14...
Ng4 $5 15. Bf4 (15. Qf4 $2 g5 16. Qg3 Qxg3 17. hxg3 Nxe5) 15... Bd4 $1 16. Bg3
(16. Qe4 Bxf2+ 17. Kh1 Bb6 18. Bg3 Qg5 19. Bd3 g6 20. Qf3 {[%cal Gc3e4]} Qe7
$15) 16... Qg5 17. Qe4 $1 Rd8 $1 {[%cal Gc8f5]} (17... Bxe5 18. f4) 18. Bd3 (
18. h4 Qf5 (18... Qh5 {[%cal Gc8f5]}) 19. Rad1 Qxe4 20. Nxe4 Bf5) 18... g6 {
[%csl Re5][%cal Gc8f5]}) 15. Qf4 (15. Qe4 Qxe4 16. Nxe4 Bd4 17. e6 fxe6 $15)
15... Qe7 (15... Qxf4 $5 16. Bxf4 Re8 17. Rad1 $5 (17. e6 Rxe6 18. Bxc7 Nf6 $11
) 17... Nxe5 18. Bxe5 Rxe5 19. Rd8+ Kh7 $13) 16. Qg3 $1 {[%cal Gc1h6]} Kh8 $1 {
[%csl Re5]} (16... Qxe5 $6 17. Bf4) 17. Bf4 g5 $2 (17... Re8 $142 $1 {[%csl
Re5]} 18. e6 (18. Bc4 $6 Nxe5 $5 (18... Nb6 19. Bb3 Be6)) (18. Rae1 $6 g5 19.
Qh3 Kg7 (19... gxf4 20. Qxh6+ Kg8 21. Bd3 Nf8 $140 22. Ne4 $18) 20. e6 Nf8 $1)
(18. Rad1 Nxe5 19. Bxe5 Qxe5 20. Qxe5 $5 (20. Rd8 Qe7 21. Rxe8+ Qxe8 22. Qxc7
Be6 $1 $15) 20... Rxe5 21. Rd8+ Kh7 $13) 18... Qxe6 19. Bxc7 $11) 18. Qh3 $1 {
[]} Kg7 (18... gxf4 $2 19. Qxh6+ Kg8 20. Bd3 f5 21. Bc4+ Rf7 22. e6 $18) (18...
Qe6 $2 19. Bg4 Qg6 20. Bxg5 $1 {[%csl Rh8]}) 19. e6 $1 {Probably this strong
move was missed by Morozevich.} (19. Qg3 {[%cal Gh2h4] was enough for a draw.}
Kh8 20. Qh3) 19... Nb6 (19... Qxe6 20. Qxe6 fxe6 21. Bxc7 $14 {[%cal Gc3e4,
Ga1d1]}) (19... Nf6 20. Qg3 Bxe6 21. h4 Nh7 22. Ne4 $36) (19... gxf4 $6 20.
Qg4+ Kh8 (20... Qg5 $4 21. exd7 $18) 21. exd7 Bxd7 22. Qxf4 $14 {[%csl Rh8]})
20. Qg3 $1 (20. Ne4 $2 {[%cal Gh3c3]} Nd5 21. Nxc5 Qxc5 22. Be5+ f6 23. Bg3 Re8
$17) 20... Bxe6 21. Ne4 $1 Nd5 $8 (21... Bc4 $2 22. Nxg5 $1 (22. Bxc4 $2 Qxe4
23. Bxg5 Qxc4 $1 $17) (22. Nxc5 $6 Bxe2) 22... hxg5 (22... Bxe2 23. Ne6+ Kf6
24. Nxf8 Bxf1 25. Qh4+ $1 Kf5 $8 26. Qh5+ $1 Kf6 (26... Kxf4 27. g3+ Ke4 28.
Re1+) 27. Nh7+ Kg7 (27... Ke6 28. Re1+) 28. Qxh6+ Kg8 29. Nf6+) 23. Bxc4 $1 (
23. Bxg5 Qxe2 (23... f6 $2 24. Bd2+ Kh8 25. Bxc4 Nxc4 26. Qh4+ $18) 24. Be3+
Kh8 25. Qh4+ Kg8 26. Bxc5 $40 {White can continue an attack with a draw in the
pocket.}) 23... Bd6 $8 (23... Nxc4 24. Bxg5 f6 25. Rae1 $1 $18 fxg5 $140 (25...
Ne5 26. Rxe5 $1) 26. Rxe7+ Bxe7 27. Qc3+) 24. Bxd6 cxd6 25. Bb3 $1 $16 {
[%csl Rg7]}) 22. Bxg5 $1 (22. Nxc5 $2 Nxf4) (22. Nxg5 $143 hxg5 23. Bxg5 f6 24.
Be3+ Kh8 25. Qh4+ Kg8 26. Qg3+ $11) 22... hxg5 23. Nxc5 $1 (23. Nxg5 $143 Bf5
$3 24. Ne6+ (24. c4 Bd6 25. Ne6+ Kf6 26. Qg7+ Kxe6 27. cxd5+ Kd7 $19) 24... Kf6
25. Nxf8 Rxf8 $15 (25... Qxe2 $2 26. Rae1 $1 (26. Qh4+ Kg7 27. Qg5+ Bg6 $1 28.
Nxg6 fxg6 {[%csl Rf2]}) 26... Bxf2+ $140 27. Qxf2 Qxf2+ 28. Rxf2 Rxf8 29. g4
$18)) 23... f6 (23... Qxc5 24. Qxg5+ {[%cal Gc2c4] /\c4}) (23... Nf4 $5 24.
Nxe6+ (24. Qc3+ Qf6) 24... fxe6 $14) 24. Nxe6+ Qxe6 25. Bc4 $1 Rae8 $1 (25...
Qe5 $5) 26. Rad1 {[%csl Rb7,Rc7][%cal Gg3b3]} (26. Bxd5 Qxd5 27. Qxc7+ Rf7 28.
Qg3 Re2 $132) 26... Nf4 $1 27. Qxf4 $1 (27. Bxe6 $143 $2 Ne2+ 28. Kh1 Nxg3+ $11
) (27. Qb3 $2 Qg4) 27... gxf4 28. Bxe6 Rxe6 {[%cal Ge6e2] Despite damaged pawn
structure Black has good counter-chances in view of threat Re2(later Rd2) and
attacking h2 and g2 pawns on king side.} 29. Rd7+ (29. Rfe1 Rxe1+ (29... Rd8
30. Kf1) 30. Rxe1 Rd8 31. Kf1 Kf7) 29... Rf7 30. Rfd1 Re1+ $1 (30... Re2 $143
31. R7d2 Rfe7 32. Kf1) 31. Rxe1 Rxd7 32. Kf1 Kf7 (32... Rd2 $5 33. Re7+ (33.
Rc1 Kg6 34. Ke1 Rd7 35. Ke2 {[%cal Gc1d1,Ge2f3]} Kf5 36. Rd1 f3+ $1) 33... Kg6
34. Rxc7 Rxc2 35. Rxb7 Kf5 $5 {and Black has chances to equalize thanks to his
activity.}) 33. Re4 {[%cal Gf1e2]} (33. Ke2 Re7+ 34. Kd2 Rd7+ 35. Kc3 Kg6 $44 {
[%csl Rg2,Rh2][%cal Gg6f5,Gd7h7,Gd7g7]}) 33... f3 $1 (33... Rd2 $143 34. Rc4 {
[%cal Gf1e1,Ge1e2,Ge2f3]} f3 35. gxf3) 34. gxf3 Rd1+ {[%csl Ra2,Rb2,Rc2,Rh2]
[%cal Gd1b1]} 35. Ke2 $2 ({The only chance was} 35. Re1 Rd5 $1 {[%cal Gd5h5,
Gd5a5]} (35... Rd2 36. Re2 Rd1+ 37. Kg2 Ra1 $140 38. a3 Ra2 39. c3) 36. h4 $5
$14) 35... Rb1 $1 36. Rb4 $6 (36. b3 $142 $11 {could lead to the very
interesting pawn endgame after} Rb2 37. Kd3 Rxa2 38. Ra4 (38. Rh4 Kg6 39. Rg4+
Kf7 $1 (39... Kh6 40. Re4 {[%cal Ge4e7]}) 40. Rh4 $11 (40. Rd4 Ke6 41. Rh4 Ra5
42. Rh7 Rd5+ {[%cal Gd5d7]})) 38... Rxa4 39. bxa4 $13) 36... b5 {[%cal Ga7a5]
Now Black has very strong counterplay on the queenside and white has to submit
with a draw.} 37. Rb3 a5 $1 {[%csl Rb3]} 38. Kd2 Ke6 39. Re3+ (39. h4 $5) 39...
Kd6 40. Rd3+ Kc5 41. a3 $5 {Last trap.} Rh1 $1 $11 ({But not} 41... Rxb2 $4 42.
Kc1 Ra2 43. Kb1 {[%csl Ra2]}) 42. Rc3+ Kb6 (42... Kd5 $5) 43. Re3 (43. Re3 Rxh2
44. Ke2 Kc5 45. Re6 $140 Rh6 {[%cal Gc5d5]}) 1/2-1/2